000 01296nam a2200337 a 4500
001 ebr10249052
003 CaPaEBR
006 m u
007 cr cn|||||||||
008 071026s2008 njua sb 001 0 eng
010 _z 2007044568
015 _aGBA822472
_2bnb
016 7 _z014530697
_2Uk
020 _z9780471799597
020 _z0471799599
040 _aCaPaEBR
_cCaPaEBR
035 _a(OCoLC)258379875
050 1 4 _aQA76.9.M65
_bH36 2008eb
082 0 4 _a004.01/9
_222
245 0 4 _aThe handbook of information and computer ethics
_h[electronic resource] /
_cedited by Kenneth Einar Himma and Herman T. Tavani.
260 _aHoboken, N.J. :
_bWiley,
_cc2008.
300 _axxxi, 671 p. :
_bill.
504 _aIncludes bibliographical references and index.
533 _aElectronic reproduction.
_bPalo Alto, Calif. :
_cebrary,
_d2013.
_nAvailable via World Wide Web.
_nAccess may be limited to ebrary affiliated libraries.
650 0 _aElectronic data processing
_xMoral and ethical aspects.
655 7 _aElectronic books.
_2local
700 1 _aHimma, Kenneth Einar.
700 1 _aTavani, Herman T.
710 2 _aebrary, Inc.
856 4 0 _uhttp://site.ebrary.com/lib/rucke/Doc?id=10249052
_zAn electronic book accessible through the World Wide Web; click to view
999 _c34989
_d34989